[Event "Ruhrgebiet Verbandsbezirksliga Gr 1"]
[Site "Ruhrgebiet"]
[Date "2018.11.11"]
[Round "3.2"]
[White "Nattermueller, Matthias"]
[Black "Rybicki, Hans"]
[Result "1-0"]
[WhiteElo "1916"]
[BlackElo "1756"]
[PlyCount "45"]
[EventDate "2018.09.30"]
[EventType "team-tourn"]
[EventRounds "9"]
[EventCountry "GER"]
[SourceTitle "EXT 2022"]
[Source "ChessBase"]
[SourceDate "2021.10.06"]
[SourceVersion "1"]
[SourceVersionDate "2021.10.06"]
[SourceQuality "1"]
[WhiteTeam "Ahlen SV II"]
[BlackTeam "Kamen SV III"]
[WhiteTeamCountry "GER"]
[BlackTeamCountry "GER"]

1. d4 Nf6 2. Bg5 Ne4 3. Bh4 g6 4. f3 Nf6 5. e4 Bg7 6. e5 Nd5 7. Qd2 0-0 8. c4 Nb6 9. f4 d6 10. Nf3 Bf5 11. Nc3 a6 12. h3 h5 13. Rg1 Qd7 14. Nh2 dxe5 15. fxe5 Qd8 16. g4 hxg4 17. hxg4 Bc8 18. Nf3 f6 19. Qc2 Qe8 20. c5 Qc6 21. Be2 Nd5 22. Nxd5 Qxd5 23. Bc4 1-0

[Event "Ruhrgebiet Regionalliga 1617"]
[Site "Germany"]
[Date "2016.12.04"]
[Round "4.8"]
[White "Riesenbeck, Juergen"]
[Black "Nattermueller, Matthias"]
[Result "1-0"]
[WhiteElo "1934"]
[BlackElo "1931"]
[PlyCount "93"]
[EventDate "2016.09.11"]
[EventType "team-tourn"]
[EventRounds "9"]
[EventCountry "GER"]
[SourceTitle "EXT 2022"]
[Source "ChessBase"]
[SourceDate "2021.10.06"]
[SourceVersion "1"]
[SourceVersionDate "2021.10.06"]
[SourceQuality "1"]
[WhiteTeam "Katernberg SF III"]
[BlackTeam "Ahlen SV"]
[WhiteTeamCountry "GER"]
[BlackTeamCountry "GER"]

1. e4 c5 2. c3 e5 3. d4 cxd4 4. cxd4 exd4 5. Qxd4 Nc6 6. Qd1 Nf6 7. Nc3 Bb4 8. Bd2 0-0 9. Bd3 Ne5 10. Be2 Re8 11. f4 Ng6 12. e5 Bxc3 13. Bxc3 Ne4 14. Qd4 Qh4+ 15. g3 Nxg3 16. hxg3 Qxh1 17. e6 f6 18. exd7 Bxd7 19. 0-0-0 Nf8 20. Bf3 Qh6 21. Bxb7 Rad8 22. Ba5 Rb8 23. Qxa7 Bf5 24. Nf3 Qh5 25. Bc3 Rbd8 26. Nd4 Rd7 27. Qa5 Red8 28. Rh1 Qe8 29. Nxf5 Rxb7 30. Re1 Qd7 31. Nd4 Ra7 32. Qb4 Rc7 33. Kb1 Rb7 34. Qc4+ Kh8 35. a4 Rc8 36. Qd3 Qxa4 37. Rh1 Qc4 38. Qxc4 Rxc4 39. Kc2 Kg8 40. Ra1 Kf7 41. Ra6 Rc5 42. Kd3 Kg6 43. Ke4 Nd7 44. Rd6 Nb6 45. f5+ Kf7 46. Ne6 Rb8 47. Nxc5 1-0

[Event "Ruhrgebiet Bezirksliga 16/17"]
[Site "Ruhrgebiet"]
[Date "2016.08.28"]
[Round "1.2"]
[White "Sporkert, Corina"]
[Black "Nattermueller, Matthias"]
[Result "1/2-1/2"]
[WhiteElo "1832"]
[BlackElo "1931"]
[PlyCount "106"]
[EventDate "2016.08.28"]
[EventType "team-tourn"]
[EventRounds "11"]
[EventCountry "GER"]
[SourceTitle "EXT 2022"]
[Source "ChessBase"]
[SourceDate "2021.10.06"]
[SourceVersion "1"]
[SourceVersionDate "2021.10.06"]
[SourceQuality "1"]
[WhiteTeam "Hamm Koenigsspringer II"]
[BlackTeam "Ahlen SV II"]
[WhiteTeamCountry "GER"]
[BlackTeamCountry "GER"]

1. e4 g6 2. d4 Bg7 3. Nf3 c5 4. c3 cxd4 5. cxd4 d6 6. h3 Nf6 7. Nc3 0-0 8. Bd3 Nc6 9. 0-0 e5 10. dxe5 dxe5 11. Bg5 h6 12. Bh4 g5 13. Bg3 Nh5 14. Bh2 Nf4 15. Bc4 Qf6 16. Nd5 Qg6 17. Bxf4 exf4 18. Bd3 Qh5 19. Nh2 Qh4 20. Nf3 Qh5 21. Nh2 Qxd1 22. Rfxd1 Bxb2 23. Rab1 Bg7 24. Bb5 Be6 25. a3 Nd4 26. Nc7 Rab8 27. Nxe6 fxe6 28. Kf1 a6 29. Be2 b5 30. Nf3 e5 31. Rdc1 Rfc8 32. Ne1 Bf8 33. Rxc8 Rxc8 34. Nd3 Bd6 35. Nb4 a5 36. Nd5 b4 37. axb4 axb4 38. Bg4 Rb8 39. Ra1 b3 40. Ra7 Rf8 41. Rb7 Ba3 42. Be2 Rf7 43. Rb8+ Kg7 44. Bc4 Bd6 45. Rb6 Ra7 46. Kg1 Bc5 47. Rb8 Ra1+ 48. Kh2 Rc1 49. Rb7+ Kg6 50. Bd3 Rc2 51. Rxb3 Rxf2 52. Rc3 Ne6 53. Rc2 Rxc2 1/2-1/2

[Event "GER-chT KG-34 Br2 email"]
[Site "GER email"]
[Date "2008.??.??"]
[Round "?"]
[White "Nattermueller, Matthias"]
[Black "Hueser, Udo"]
[Result "1/2-1/2"]
[WhiteElo "1640"]
[BlackElo "1968"]
[PlyCount "53"]
[EventDate "2008.??.??"]
[EventType "tourn (corr)"]
[EventRounds "7"]
[EventCountry "GER"]
[SourceTitle "Corr 2011"]
[Source "ChessBase"]
[SourceDate "2010.08.31"]
[SourceVersion "1"]
[SourceVersionDate "2010.08.31"]
[SourceQuality "1"]

1. d4 Nf6 2. Nf3 g6 3. Nc3 d5 4. Bf4 Bg7 5. e3 0-0 6. Be2 Bf5 7. Ne5 c6 8. g4 Be6 9. f3 Ne8 10. h4 f6 11. Nd3 Nd6 12. Bxd6 Qxd6 13. f4 Bf7 14. Qd2 e5 15. 0-0-0 Nd7 16. Rdg1 Qe7 17. f5 a5 18. Nf2 Rfe8 19. fxg6 Bxg6 20. h5 Bf7 21. h6 Bf8 22. g5 f5 23. Bh5 Bxh5 24. Rxh5 Qf7 25. Rh3 Bd6 26. Nd3 e4 27. Nf4 1/2-1/2